| 000 | 02050cam a2200577 i 4500 | ||
|---|---|---|---|
| 001 | 675 | ||
| 003 | KOSZ 005 | ||
| 005 | 20250724063749.0 | ||
| 008 | 250723s1975 pl a f 001 0 pol c | ||
| 015 | _aUWD 1976/710 | ||
| 035 | _a991023366609705066 | ||
| 035 | _a(PL-WaBN)b16402984-48omnis_nlop | ||
| 035 | _ab16402984 | ||
| 035 | _a(OCoLC)749574407 | ||
| 035 | _azz2004969636 | ||
| 035 | _a(PL)b0000001640298 | ||
| 035 | _a(EXLNZ-48OMNIS_NETWORK)9910297851305606 | ||
| 040 |
_aWA N _cWA N _dKOSZ 005/RW |
||
| 041 | 1 |
_apol _heng |
|
| 046 | _k1962 | ||
| 080 | _a531/534 | ||
| 080 | _a(07) | ||
| 245 | 0 | 0 |
_aMechanika / _cCharles Kittel, Walter D. Knight, Malvin A. Ruderman ; [z języka angielskiego tłumaczyły Helena Hofmokl, Halina Chęcińska]. |
| 246 | 1 |
_iTytuł oryginału: _aMechanics |
|
| 250 | _aWydanie III. | ||
| 260 |
_aWarszawa : _bPaństwowe Wydawnictwo Naukowe, _c1975. |
||
| 300 |
_a518, [1] stron : _bilustracje, tabele, wykresy ; _c25 cm. |
||
| 336 |
_aTekst _btxt _2rdacontent |
||
| 337 |
_aBez urządzenia pośredniczącego _bn _2rdamedia |
||
| 338 |
_aWolumin _bnc _2rdacarrier |
||
| 380 | _aKsiążki | ||
| 380 | _aPublikacje dydaktyczne | ||
| 385 |
_mPoziom nauczania _aSzkoły wyższe |
||
| 388 | 1 | _a1901-2000 | |
| 388 | 1 | _a1945-1989 | |
| 500 | _aOryginał: Berkeley Physics Course ; vol. 1. | ||
| 504 | _aBibliografia przy rozdziałach. Indeks. | ||
| 650 | 7 |
_aMechanika _2DBN |
|
| 655 | 7 |
_aPodręcznik _2DBN |
|
| 658 | _aFizyka i astronomia | ||
| 658 | _aInżynieria i technika | ||
| 700 | 1 |
_aChęcińska, Maria Halina _d(1910-1986) _eTłumaczenie |
|
| 700 | 1 |
_aHofmokl, Helena _eTłumaczenie |
|
| 700 | 1 |
_aKittel, Charles _d(1916- ) _eAutor |
|
| 700 | 1 |
_aKnight, Walter D. _eAutor |
|
| 700 | 1 |
_aRuderman, Malvin A. _eAutor |
|
| 710 | 2 |
_aPaństwowe Wydawnictwo Naukowe _4pbl |
|
| 856 |
_uhttps://koha.tu.koszalin.pl/cgi-bin/koha/opac-detail.pl?biblionumber=675 _yKatalog online BPK |
||
| 942 |
_2UKD _cKS |
||
| 999 |
_c675 _d675 |
||